[Event "ch-ISL"]
[Site "Egilsstadir ISL"]
[Date "2011.04.15"]
[Round "1"]
[White "Thorfinnsson,Br"]
[Black "Halldorsson,J"]
[Result "1-0"]
[WhiteElo "2417"]
[BlackElo "2195"]
[EventDate "2011.04.15"]

1. Nf3 d5 2. d4 Nf6 3. c4 c6 4. Nc3 dxc4 5. e4 b5 6. e5 Nd5 7. a4 e6 8. Ng5
Be7 9. h4 h6 10. Nge4 b4 11. Nb1 Ba6 12. Nbd2 c3 13. Nc4 cxb2 14. Bxb2 Bxc4
15. Bxc4 Nd7 16. Qg4 g6 17. h5 g5 18. O-O O-O 19. Rae1 Kh8 20. Qd1 N7b6 21.
Bb3 a5 22. Qd3 Qc8 23. Nf6 1-0

[Event "ch-ISL"]
[Site "Egilsstadir ISL"]
[Date "2011.04.15"]
[Round "1"]
[White "Danielsen,Hen"]
[Black "Kjartansson,G"]
[Result "1-0"]
[WhiteElo "2533"]
[BlackElo "2327"]
[EventDate "2011.04.15"]

1. d4 Nf6 2. c4 e6 3. Nf3 d5 4. Nc3 Be7 5. Bg5 h6 6. Bxf6 Bxf6 7. e3 c6 8.
Qc2 O-O 9. Rd1 Nd7 10. h3 a6 11. Be2 b5 12. b3 bxc4 13. bxc4 a5 14. O-O Ba6
15. c5 Bxe2 16. Nxe2 Qc7 17. Rb1 Rfb8 18. Rxb8+ Rxb8 19. Rb1 e5 20. Rxb8+
Qxb8 21. Qb3 Qxb3 22. axb3 e4 23. Ne1 Bg5 24. Nc2 f5 25. f4 Bd8 26. Kf2 h5
27. g3 Kf7 28. Kg2 Nf6 29. Nc3 Ke6 30. Nd1 h4 31. gxh4 Nh5 32. Nc3 Kd7 33.
Ne2 Bxh4 34. Kh2 Kc7 35. Kg2 Kb7 36. Kh2 Kc8 37. Kg2 Kb8 38. Kh2 Ka8 39.
Kg2 Ka7 40. Nc3 Kb7 41. Ne2 Ka6 42. Nc3 g6 43. Ne2 g5 44. fxg5 Bxg5 45. Ng3
Nxg3 46. Kxg3 Kb5 47. h4 Bh6 48. Kf2 a4 49. bxa4+ Kxa4 50. Ne1 f4 51. Ng2
f3 52. Nf4 Kb5 53. Ng6 Ka6 54. Ne7 Kb7 55. Nf5 Bf8 56. h5 Kc7 57. h6 Bxh6
58. Nxh6 Kd8 59. Ng4 Kc8 60. Ne5 Kc7 61. Kg3 Kb7 62. Ng4 1-0

[Event "ch-ISL"]
[Site "Egilsstadir ISL"]
[Date "2011.04.15"]
[Round "1"]
[White "Gislason,G"]
[Black "Steingrimsson,H"]
[Result "0-1"]
[WhiteElo "2291"]
[BlackElo "2554"]
[EventDate "2011.04.15"]

1. d4 d5 2. c4 e6 3. Nf3 Nf6 4. g3 Bb4+ 5. Nc3 O-O 6. Bg2 dxc4 7. O-O Nc6
8. Qa4 Nd5 9. Nxd5 exd5 10. Ne5 Nxe5 11. Qxb4 Nc6 12. Qc5 Be6 13. Bf4 Qd7
14. Rfd1 b6 15. Qa3 a5 16. b3 Nb4 17. Rac1 b5 18. Qb2 Rfb8 19. Qd2 Ra7 20.
bxc4 bxc4 21. a3 Nc6 22. e4 Ne7 23. Rb1 Rb6 24. Qc2 h6 25. Re1 Rab7 26.
Rxb6 Rxb6 27. Bd2 a4 28. Bb4 dxe4 29. Bc5 Rb3 30. Qxe4 Nd5 31. Bf1 Nf6 32.
Qc2 Qb5 33. d5 Nxd5 34. Qxc4 Qxc4 35. Bxc4 Rc3 36. Bxd5 Bxd5 37. Bb4 Rc2
38. Re8+ Kh7 39. Kf1 c5 40. Ba5 Ra2 41. Rc8 Rxa3 42. Rxc5 Bf3 43. Bc3 g5
44. h3 Kg6 45. g4 Rb3 46. Kg1 a3 47. Kh2 a2 48. Bh8 f6 49. Ra5 Rb8 50. Bxf6
Kxf6 51. Rxa2 Rb3 52. Ra6+ Kg7 53. Rd6 Rb7 54. Rd3 Rf7 55. Kg3 Be4 56. Re3
Bb7 57. h4 Ba8 58. hxg5 hxg5 59. f3 Rf4 60. Ra3 Bb7 61. Rb3 Bd5 62. Rd3 Bc6
63. Rc3 Rf6 64. Rd3 Kf7 65. Re3 Rf4 66. Rc3 Bd5 67. Re3 Kf6 68. Kf2 Rd4 69.
Kg3 Rb4 70. Ra3 Ke5 71. Re3+ Kd6 72. Rc3 Rb1 73. Re3 Rg1+ 74. Kh2 Rb1 75.
Kg3 Rb4 76. Rc3 Rf4 77. Ra3 Ke5 78. Rc3 Kd4 79. Ra3 Rf6 80. Kf2 Rb6 81. Kg3
Rb1 82. Kf2 Rb3 0-1

[Event "ch-ISL"]
[Site "Egilsstadir ISL"]
[Date "2011.04.15"]
[Round "1"]
[White "Lagerman,R"]
[Black "Johannesson,I"]
[Result "1/2-1/2"]
[WhiteElo "2320"]
[BlackElo "2338"]
[EventDate "2011.04.15"]

1. e4 e6 2. d4 d5 3. Nd2 Nf6 4. e5 Nfd7 5. Bd3 c5 6. c3 Nc6 7. Ne2 cxd4 8.
cxd4 f6 9. exf6 Nxf6 10. Nf3 Bd6 11. O-O O-O 12. Bf4 Bxf4 13. Nxf4 Ne4 14.
Qc1 Ng5 15. Nxg5 Qxg5 16. Ne2 Qxc1 17. Raxc1 a6 18. f3 Bd7 19. Rc3 Rac8 20.
Rfc1 Nb4 21. Rxc8 Rxc8 22. Rxc8+ Bxc8 1/2-1/2

[Event "ch-ISL"]
[Site "Egilsstadir ISL"]
[Date "2011.04.16"]
[Round "2"]
[White "Lagerman,R"]
[Black "Kristjansson,St"]
[Result "1/2-1/2"]
[WhiteElo "2320"]
[BlackElo "2483"]
[EventDate "2011.04.15"]

1. e4 c5 2. Be2 Nc6 3. d3 g6 4. f4 Bg7 5. Nf3 e6 6. O-O Nge7 7. Kh1 O-O 8.
Qe1 b6 9. Qh4 f5 10. Nbd2 d6 11. c3 Qd7 12. Nc4 Ba6 13. exf5 Nxf5 14. Qh3
b5 15. Ne3 b4 16. Ng5 h6 17. Ne4 bxc3 18. bxc3 Nce7 19. Bd2 Rab8 20. Nc4
Rfc8 21. Nf2 Nc6 22. Rae1 Rf8 23. Ne4 Qe7 24. Bf3 d5 25. Nf2 dxc4 26. Bxc6
cxd3 27. g4 Nd6 28. g5 Nf5 29. gxh6 Bxh6 30. Ng4 Bg7 31. Ne5 Bxe5 32. Rxe5
Rb2 33. Qg2 Nh4 34. Qe4 Rxd2 35. Rxe6 Qg7 36. Bd5 Kh8 37. Rxa6 Nf5 38. Rg1
Rf6 39. Qe8+ Kh7 40. Rxa7 Qxa7 41. Qg8+ Kh6 42. Qh8+ Qh7 43. Qxf6 Qg7 44.
Rxg6+ Qxg6 45. Qh8+ Qh7 46. Qf6+ Qg6 1/2-1/2

[Event "ch-ISL"]
[Site "Egilsstadir ISL"]
[Date "2011.04.16"]
[Round "2"]
[White "Halldorsson,J"]
[Black "Danielsen,Hen"]
[Result "0-1"]
[WhiteElo "2195"]
[BlackElo "2533"]
[EventDate "2011.04.15"]

1. d4 Nf6 2. Nf3 g6 3. g3 Bg7 4. Bg2 O-O 5. O-O d5 6. c4 dxc4 7. Na3 c3 8.
bxc3 c5 9. Qb3 Nc6 10. Rd1 Na5 11. Qb5 Bd7 12. Qxc5 Rc8 13. Qe5 Ba4 14. Rd3
Nd5 15. Qg5 Nxc3 16. Qd2 Nd5 17. e4 Nf6 18. Ne5 b5 19. Bb2 Ne8 20. Rc1
Rxc1+ 21. Bxc1 f6 22. Nd7 Qxd7 23. Qxa5 Nd6 24. Be3 Rc8 25. Rc3 Rxc3 26.
Qxc3 e6 27. h4 Bf8 28. e5 Nf7 29. Nc2 fxe5 30. dxe5 Qd1+ 31. Ne1 b4 32. Qd2
Qxd2 33. Bxd2 Nxe5 34. Be3 a5 35. Bb6 Nc4 36. Bd8 b3 37. axb3 Bxb3 38. Nd3
a4 39. Nc1 Ba3 40. Nd3 Bd6 41. Nc1 Kf7 42. Bg5 Bc2 43. Bf1 Ne5 44. Be2 a3
45. Bf4 Ke7 46. Kf1 Nd3 47. Bg5+ Kf7 0-1

[Event "ch-ISL"]
[Site "Egilsstadir ISL"]
[Date "2011.04.16"]
[Round "2"]
[White "Kjartansson,G"]
[Black "Gislason,G"]
[Result "0-1"]
[WhiteElo "2327"]
[BlackElo "2291"]
[EventDate "2011.04.15"]

1. d4 g6 2. e4 Bg7 3. Nc3 d6 4. Be3 Nc6 5. f4 Nf6 6. Nf3 O-O 7. Be2 a6 8.
Qd2 b5 9. e5 Ng4 10. Bg1 dxe5 11. dxe5 Bb7 12. Bc5 f6 13. h3 Nh6 14. exf6
Qxd2+ 15. Nxd2 Bxf6 16. Nde4 Bg7 17. O-O-O Rxf4 18. Be3 Rxe4 19. Nxe4 Nf5
20. Bc5 Ne5 21. Bf3 Bc6 22. Nd2 Nxf3 23. Nxf3 e5 24. Rhe1 Re8 25. Kb1 h6
26. a3 Kh7 27. c3 g5 28. Kc2 Ng3 29. Bf2 Nh5 30. Be3 Bf6 31. Rf1 Nf4 32.
Ne1 Kg6 33. Rd2 Be4+ 34. Kc1 Bc6 35. Kc2 Nd5 36. Re2 Bg7 37. g3 Nf6 38. Bg1
Ne4 39. Bh2 Nc5 40. b4 Na4 41. Nf3 Nxc3 42. Kxc3 Bxf3 43. Ree1 e4+ 44. Kc2
Rd8 45. Bg1 Bg2 46. Rd1 Rd3 47. Rfe1 Rc3+ 48. Kd2 Bf3 49. Rc1 Rd3+ 50. Kc2
Rxa3 51. Bc5 Ra2+ 52. Kb3 Rh2 53. h4 e3 54. hxg5 0-1

[Event "ch-ISL"]
[Site "Egilsstadir ISL"]
[Date "2011.04.16"]
[Round "2"]
[White "Thorhallsson,T"]
[Black "Thorfinnsson,Br"]
[Result "1/2-1/2"]
[WhiteElo "2387"]
[BlackElo "2417"]
[EventDate "2011.04.15"]

1. e4 c6 2. d4 d5 3. e5 Bf5 4. Nd2 e6 5. Nb3 Nd7 6. Nf3 Ne7 7. Be2 Nc8 8.
O-O Be7 9. Re1 O-O 10. Bf4 c5 11. dxc5 Nxc5 12. Be3 Qc7 13. Nxc5 Bxc5 14.
Bxc5 Qxc5 15. Nd4 Bg6 16. h4 h6 17. h5 Be4 18. c3 Qb6 19. Bd3 Bxd3 20. Qxd3
Ne7 21. Re3 Nc6 22. Nxc6 bxc6 23. Qd2 Rab8 24. Rg3 Kh8 25. b3 c5 26. Re1
Rbd8 27. Ree3 d4 28. Re4 dxc3 29. Qxc3 Rd4 30. Qf3 Qa5 31. Qg4 Rg8 32. Rxd4
cxd4 33. Qxd4 Qxa2 34. Kh2 Qe2 35. Rg4 a6 36. f3 Qc2 37. Rf4 Rf8 38. Qd6
Kg8 39. b4 Qe2 40. Re4 Qb5 41. Rg4 a5 42. bxa5 Qxa5 43. f4 Qd8 1/2-1/2

[Event "ch-ISL"]
[Site "Egilsstadir ISL"]
[Date "2011.04.16"]
[Round "2"]
[White "Johannesson,I"]
[Black "Steingrimsson,H"]
[Result "0-1"]
[WhiteElo "2338"]
[BlackElo "2554"]
[EventDate "2011.04.15"]

1. d4 Nf6 2. c4 e6 3. Nf3 b6 4. g3 Ba6 5. Qa4 Bb7 6. Bg2 c5 7. dxc5 bxc5 8.
Nc3 Be7 9. O-O O-O 10. Rd1 Qb6 11. Rb1 Rd8 12. Bf4 a6 13. Rd2 h6 14. Rbd1
d6 15. h3 e5 16. Be3 Nc6 17. Qc2 Rac8 18. Na4 Qc7 19. Ne1 Nd4 20. Bxd4 cxd4
21. Bxb7 Qxb7 22. Ng2 d5 23. b3 Ne4 24. Rd3 Qc6 25. Nb2 Ba3 26. e3 Nc3 27.
Ra1 Bxb2 28. Qxb2 dxc4 29. bxc4 Qxc4 30. Rd2 Rb8 0-1

[Event "ch-ISL"]
[Site "Egilsstadir ISL"]
[Date "2011.04.17"]
[Round "3"]
[White "Kristjansson,St"]
[Black "Johannesson,I"]
[Result "1-0"]
[WhiteElo "2483"]
[BlackElo "2338"]
[EventDate "2011.04.15"]

1. e4 e6 2. d4 d5 3. e5 c5 4. c3 Nc6 5. Nf3 Bd7 6. Bd3 cxd4 7. cxd4 Qb6 8.
O-O Nxd4 9. Nbd2 Ne7 10. Nxd4 Qxd4 11. Nf3 Qa4 12. b3 Qa5 13. Bd2 Qd8 14.
Re1 h6 15. b4 Nc6 16. a3 Be7 17. h4 a5 18. b5 Na7 19. Qa4 Nc8 20. Qg4 Kf8
21. h5 Bc5 22. a4 Qe7 23. Rec1 Nb6 24. Nd4 Bb4 25. Be3 Rc8 26. Rxc8+ Bxc8
27. Rc1 Nc4 28. Bxc4 dxc4 29. Rxc4 Qd8 30. Nc2 Be7 31. Qd4 Qe8 32. Qc3 Bd7
33. Rc7 g5 34. hxg6 fxg6 35. Qd2 Bc8 36. Bxh6+ Kg8 37. Bg5 Rh7 38. Bxe7
Rxe7 39. Qd6 Rd7 40. Rxd7 Bxd7 41. Ne3 1-0

[Event "ch-ISL"]
[Site "Egilsstadir ISL"]
[Date "2011.04.17"]
[Round "3"]
[White "Thorfinnsson,Br"]
[Black "Lagerman,R"]
[Result "1-0"]
[WhiteElo "2417"]
[BlackElo "2320"]
[EventDate "2011.04.15"]

1. d4 Nf6 2. c4 c5 3. d5 b5 4. cxb5 a6 5. f3 g6 6. e4 d6 7. Na3 Bg7 8. Ne2
axb5 9. Nxb5 O-O 10. Nec3 Na6 11. Bg5 Qa5 12. Bc4 Bd7 13. O-O Rfb8 14. a4
h6 15. Bh4 Nc7 16. Nxc7 Qxc7 17. Nb5 Qd8 18. Rc1 Ne8 19. b3 Nc7 20. Nxc7
Qxc7 21. f4 f6 22. Be1 Bc8 23. Qe2 Qa7 24. e5 fxe5 25. fxe5 Ba6 26. exd6
exd6 27. Qe6+ Kh7 28. Bc3 Bxc4 29. bxc4 Re8 30. Qxd6 Rad8 31. Qg3 Qxa4 32.
Bxg7 Kxg7 33. Qc3+ Kg8 34. Rf6 1-0

[Event "ch-ISL"]
[Site "Egilsstadir ISL"]
[Date "2011.04.17"]
[Round "3"]
[White "Steingrimsson,H"]
[Black "Kjartansson,G"]
[Result "1-0"]
[WhiteElo "2554"]
[BlackElo "2327"]
[EventDate "2011.04.15"]

1. d4 d5 2. c4 e6 3. Nc3 Bb4 4. Nf3 Nf6 5. cxd5 exd5 6. Bg5 Nbd7 7. Rc1 h6
8. Bh4 g5 9. Bg3 Ne4 10. Nd2 Nxg3 11. hxg3 Nb6 12. a3 Bxc3 13. Rxc3 Be6 14.
Qc2 c6 15. e3 Qe7 16. b4 Bd7 17. Bd3 O-O-O 18. Ke2 Kb8 19. a4 f5 20. a5 Nc8
21. a6 b6 22. Bxf5 Qxb4 23. Bxd7 Rxd7 24. Rb1 Qf8 25. Nf3 Rf7 26. Rf1 Nd6
27. Ne5 Ne4 28. Nxf7 Nxc3+ 29. Qxc3 Qxf7 30. Qxc6 Rc8 31. Qd6+ Ka8 32. Rc1
Rf8 33. f3 g4 34. Rc7 gxf3+ 35. Kd2 1-0

[Event "ch-ISL"]
[Site "Egilsstadir ISL"]
[Date "2011.04.17"]
[Round "3"]
[White "Gislason,G"]
[Black "Halldorsson,J"]
[Result "0-1"]
[WhiteElo "2291"]
[BlackElo "2195"]
[EventDate "2011.04.15"]

1. Nf3 d5 2. g3 Bg4 3. Bg2 Nd7 4. c4 e6 5. Qa4 Ngf6 6. Ne5 Bf5 7. Nc3 c6 8.
d4 Nxe5 9. dxe5 Nd7 10. cxd5 exd5 11. O-O Be7 12. Rd1 O-O 13. e4 dxe4 14.
Nxe4 Qc7 15. Nd6 Be6 16. Qe4 Bd5 17. Rxd5 cxd5 18. Qxd5 Nxe5 19. Nxb7 Ng6
20. Be3 Qe5 21. Qxe5 Nxe5 22. Na5 Rab8 23. Bxa7 Rxb2 24. Nb3 Bf6 25. Bd4
Rc2 26. a4 Rb8 27. Bd5 Nd7 28. Rd1 Bxd4 29. Nxd4 Rcb2 30. Kg2 Nb6 31. Nc6
Nxd5 32. Rxd5 Re8 33. a5 Ra2 34. Rb5 g6 35. Nd4 Rd8 36. Rb4 Rd6 37. Nb3 Rb2
38. Rd4 Rf6 39. Nd2 Ra2 40. Ne4 Rf5 41. Rd8+ Kg7 42. a6 Rxa6 43. Nd6 Rfa5
44. Ne8+ Kh6 45. Rd4 Ra4 46. Rd7 Ra7 47. Rxa7 Rxa7 48. Nf6 g5 49. h3 Kg6
50. Nd5 Rd7 51. Ne3 h5 52. g4 h4 53. Kf3 Rd4 54. Kg2 Kf6 55. Kf3 Ke5 56.
Ke2 Rf4 57. Ng2 Ra4 58. Ne3 Ke4 59. Nf5 Ra3 60. Nd6+ Kf4 0-1

[Event "ch-ISL"]
[Site "Egilsstadir ISL"]
[Date "2011.04.18"]
[Round "4"]
[White "Lagerman,R"]
[Black "Danielsen,Hen"]
[Result "1/2-1/2"]
[WhiteElo "2320"]
[BlackElo "2533"]
[EventDate "2011.04.15"]

1. e4 c5 2. Nf3 Nc6 3. d4 cxd4 4. Nxd4 g6 5. c4 Bg7 6. Be3 Nf6 7. Nc3 d6 8.
Be2 O-O 9. O-O Bd7 10. Rc1 Nxd4 11. Bxd4 Bc6 12. f3 a5 13. b3 Nd7 14. Be3
Nc5 15. Qd2 Qb6 16. Rb1 Rfc8 17. Rfc1 Qd8 18. Bf1 Be5 19. g3 b6 20. Ne2 Bb7
21. Nd4 e6 22. Bg2 d5 23. exd5 exd5 24. f4 Bf6 25. Nb5 dxc4 26. Qxd8+ Bxd8
27. Rxc4 Bxg2 1/2-1/2

[Event "ch-ISL"]
[Site "Egilsstadir ISL"]
[Date "2011.04.18"]
[Round "4"]
[White "Johannesson,I"]
[Black "Kjartansson,G"]
[Result "1/2-1/2"]
[WhiteElo "2338"]
[BlackElo "2327"]
[EventDate "2011.04.15"]

1. c4 e6 2. Nf3 d5 3. g3 Nf6 4. Bg2 Be7 5. O-O O-O 6. b3 b6 7. Bb2 Bb7 8.
e3 c5 9. Qe2 dxc4 10. bxc4 Nc6 11. Rd1 Qc7 12. Nc3 Rad8 13. d3 Rd7 14. a3
Rfd8 15. Na2 h6 16. Bc3 Ne8 17. Qc2 Bf6 18. Bxf6 Nxf6 19. Rd2 Ng4 20. Rad1
Nce5 21. Ne1 Bxg2 22. Kxg2 Qc6+ 23. Kg1 Nf3+ 24. Nxf3 Qxf3 25. Nc1 Qf5 26.
Kg2 Ne5 27. f4 Ng4 28. Re1 h5 29. h3 Nh6 30. Rf2 Qg6 31. e4 f5 32. e5 h4
33. Re3 Qh5 34. gxh4 Qxh4 35. Rg3 Nf7 36. Qe2 Kf8 37. Rg6 1/2-1/2

[Event "ch-ISL"]
[Site "Egilsstadir ISL"]
[Date "2011.04.18"]
[Round "4"]
[White "Kristjansson,St"]
[Black "Thorfinnsson,Br"]
[Result "0-1"]
[WhiteElo "2483"]
[BlackElo "2417"]
[EventDate "2011.04.15"]

1. e4 e5 2. Nf3 Nf6 3. Nxe5 d6 4. Nxf7 Kxf7 5. d4 c5 6. dxc5 d5 7. e5 Ng4
8. b4 Nc6 9. Be2 Ngxe5 10. Bb2 Nc4 11. Bxc4 dxc4 12. Qf3+ Kg8 13. O-O Be6
14. Re1 Qd5 15. Qg3 Qf5 16. Nc3 h5 17. h4 Rh6 18. Ne4 Nxb4 19. Rad1 Nxc2
20. Re2 Nb4 21. Rd4 Nd3 22. Bc3 Rg6 23. Ng5 Bxc5 24. Rxe6 Qxe6 25. Nxe6
Rxg3 26. Nxc5 Rg4 27. Ne4 b5 28. f3 Rg6 29. Rd7 Nf4 30. Kf2 b4 31. Bd2 Nd3+
32. Kf1 a5 33. Be3 a4 34. g4 b3 35. gxh5 Re6 36. Bd4 Ne5 37. Rc7 Rd8 38.
Bc3 a3 39. Ng5 Ree8 40. h6 gxh6 41. Ne4 Nd7 42. Rxc4 b2 43. Nd2 Ne5 44. Rb4
Nxf3 0-1

[Event "ch-ISL"]
[Site "Egilsstadir ISL"]
[Date "2011.04.18"]
[Round "4"]
[White "Halldorsson,J"]
[Black "Steingrimsson,H"]
[Result "0-1"]
[WhiteElo "2195"]
[BlackElo "2554"]
[EventDate "2011.04.15"]

1. d4 Nf6 2. Nf3 g6 3. g3 Bg7 4. Bg2 d5 5. O-O O-O 6. b3 c5 7. Bb2 cxd4 8.
Nxd4 e5 9. Nf3 e4 10. Nd4 Re8 11. e3 Nbd7 12. Qe2 Ne5 13. h3 h5 14. Nd2 Nh7
15. c4 h4 16. cxd5 Ng5 17. Kh2 Qxd5 18. Rab1 Bd7 19. gxh4 Qd6 20. Kh1 Nxh3
21. Nxe4 Qe7 22. Ng5 Nxg5 23. hxg5 Qxg5 24. Kg1 Bh3 25. f4 Qxg2+ 26. Qxg2
Bxg2 27. Kxg2 Ng4 28. Rfe1 Nxe3+ 29. Kf3 Nd5 30. Rxe8+ Rxe8 31. Nb5 Bxb2
32. Rxb2 Re3+ 33. Kf2 Rh3 34. Kg1 Nxf4 35. Nxa7 g5 36. Nc8 Rd3 37. Nb6 g4
38. Nc4 g3 39. Rd2 Rc3 40. Rd1 Rc2 0-1

[Event "ch-ISL"]
[Site "Egilsstadir ISL"]
[Date "2011.04.18"]
[Round "4"]
[White "Thorhallsson,T"]
[Black "Gislason,G"]
[Result "1-0"]
[WhiteElo "2387"]
[BlackElo "2291"]
[EventDate "2011.04.15"]

1. e4 c5 2. Nf3 e6 3. c3 Nf6 4. e5 Nd5 5. d4 cxd4 6. cxd4 d6 7. Bc4 Nc6 8.
Qe2 Be7 9. O-O O-O 10. Rd1 a6 11. Qe4 Qc7 12. Bd3 g6 13. Bh6 f5 14. exf6
Rxf6 15. Nbd2 Ndb4 16. Bf1 Bd7 17. a3 Nd5 18. Rac1 Rf5 19. Bc4 Bf8 20. Bg5
Re8 21. Nf1 h6 22. Bh4 Nf4 23. Qe3 Bg7 24. Bg3 Nd5 25. Qd3 Qb6 26. Bxd6
Rxf3 27. gxf3 Nxd4 28. Bxd5 Qxd6 29. Bxb7 Rb8 30. Bxa6 Bc6 31. Nd2 Bd5 32.
Bc4 Bxc4 33. Rxc4 Qd5 34. Rxd4 Qxd4 35. Qxd4 Bxd4 36. b4 e5 37. Kf1 Kf7 38.
Nb3 Bb2 39. Rd7+ Kf6 40. Ra7 Rc8 41. Nc5 Kg5 42. a4 h5 43. a5 Kh4 44. Ra6
Bd4 45. Ne4 Kh3 46. Rxg6 Rc1+ 47. Ke2 Rb1 48. f4 exf4 49. Ng5+ Kg4 50. Nf3+
Kf5 51. Rg5+ Kf6 52. Rxh5 Rb2+ 53. Kd3 Bxf2 54. Kc4 Be3 55. a6 Rf2 56. Nd4
Kg6 57. a7 1-0

[Event "ch-ISL"]
[Site "Egilsstadir ISL"]
[Date "2011.04.19"]
[Round "5"]
[White "Danielsen,Hen"]
[Black "Kristjansson,St"]
[Result "1/2-1/2"]
[WhiteElo "2533"]
[BlackElo "2483"]
[EventDate "2011.04.15"]

1. c4 e5 2. g3 Nf6 3. Bg2 Nc6 4. Nc3 Bb4 5. e4 Bxc3 6. dxc3 d6 7. Qe2 a6 8.
Nf3 O-O 9. Bg5 h6 10. Bxf6 Qxf6 11. Nd2 Bd7 12. O-O b5 13. b4 bxc4 14. Nxc4
a5 15. a3 Ra7 16. Rfd1 axb4 17. axb4 Rfa8 18. Rxa7 Rxa7 19. Ne3 Qd8 20. h4
Ne7 21. Kh2 Qa8 22. Nf5 Kf8 23. Qe3 Ra2 24. Rd2 Rxd2 25. Qxd2 Bc6 26. Nxe7
Kxe7 27. f3 Bb5 28. f4 f6 29. f5 Bc4 30. Bf3 Qa2 31. Qxa2 Bxa2 32. Kg2 d5
33. exd5 Kd6 34. Kf2 Bxd5 35. Be2 c5 36. Ke3 Bb3 37. Bf3 cxb4 38. cxb4 Bc2
39. g4 h5 40. g5 Bxf5 41. Bxh5 Bd7 42. gxf6 gxf6 43. Bg6 f5 44. h5 Ke6 45.
h6 Kf6 46. h7 Kg7 47. Kf3 Bc6+ 48. Kg3 f4+ 49. Kg4 f3 50. Kg3 e4 51. Kf2
Kh8 52. Ke3 Kg7 53. Bf5 Kh8 54. b5 Bxb5 55. Bxe4 Be2 56. Bxf3 Bxf3 57. Kxf3
Kxh7 58. Ke4 1/2-1/2

[Event "ch-ISL"]
[Site "Egilsstadir ISL"]
[Date "2011.04.19"]
[Round "5"]
[White "Steingrimsson,H"]
[Black "Thorhallsson,T"]
[Result "1/2-1/2"]
[WhiteElo "2554"]
[BlackElo "2387"]
[EventDate "2011.04.15"]

1. c4 c5 2. Nf3 Nc6 3. Nc3 Nd4 4. Ng1 Nc6 5. g3 g6 6. Bg2 Bg7 7. Nf3 e5 8.
a3 a5 9. O-O Nge7 10. Ne1 d6 11. Nc2 O-O 12. d3 f5 13. Bg5 h6 14. Bxe7 Nxe7
15. Ne3 h5 16. Ned5 h4 17. b4 hxg3 18. hxg3 axb4 19. axb4 Rxa1 20. Qxa1
cxb4 21. Nxb4 f4 22. Nbd5 Nf5 23. Ne4 Nd4 24. Qb2 1/2-1/2

[Event "ch-ISL"]
[Site "Egilsstadir ISL"]
[Date "2011.04.19"]
[Round "5"]
[White "Thorfinnsson,Br"]
[Black "Johannesson,I"]
[Result "1-0"]
[WhiteElo "2417"]
[BlackElo "2338"]
[EventDate "2011.04.15"]

1. d4 Nf6 2. c4 e6 3. Nc3 d5 4. Nf3 c6 5. Bg5 Nbd7 6. e3 Qa5 7. cxd5 Nxd5
8. Qd2 Bb4 9. Rc1 h6 10. Bh4 c5 11. a3 Bxc3 12. bxc3 cxd4 13. cxd4 Qxa3 14.
e4 Ne7 15. Bd3 Ng6 16. Bg3 O-O 17. O-O e5 18. h4 exd4 19. h5 Ne7 20. Nxd4
a6 21. Bc7 Re8 22. Bc4 Nf8 23. Rc3 Qa4 24. Qf4 Ne6 25. Nxe6 Bxe6 26. Bxe6
fxe6 27. Rg3 Nc6 28. Qxh6 Qd4 29. Bd6 Rad8 30. Qg6 1-0

[Event "ch-ISL"]
[Site "Egilsstadir ISL"]
[Date "2011.04.19"]
[Round "5"]
[White "Gislason,G"]
[Black "Lagerman,R"]
[Result "1/2-1/2"]
[WhiteElo "2291"]
[BlackElo "2320"]
[EventDate "2011.04.15"]

1. Nf3 g6 2. g3 Bg7 3. Bg2 c5 4. c4 Nc6 5. O-O e5 6. Nc3 d6 7. a3 a5 8. Rb1
Nge7 9. d3 O-O 10. Bd2 Rb8 11. Ne1 Be6 12. Nd5 b5 13. b4 axb4 14. axb4 bxc4
15. dxc4 Bxd5 16. cxd5 Nxb4 17. Bxb4 cxb4 18. Nd3 Qa5 19. Qb3 f5 20. Ra1
Qb6 21. Ra4 e4 22. Rxb4 Qc7 23. Nf4 Rxb4 24. Qxb4 Rb8 25. Qa4 Be5 26. Ne6
Qb7 27. Rd1 Qb5 28. Qxb5 Rxb5 29. f4 Bf6 30. Nc7 Rb4 31. e3 Kf7 32. Bf1 Rb3
33. Nb5 Rxe3 34. Nxd6+ Kf8 35. Nc4 Rc3 36. Ne5 Kg7 37. g4 fxg4 38. Nxg4 Nf5
39. Nxf6 Kxf6 40. d6 Rc8 41. d7 Rd8 42. Bb5 Ke7 43. Rd5 e3 44. Kf1 Ke6 45.
Rd3 Ke7 46. Ke2 Rb8 47. Rd5 Kd8 48. Kd3 Rb6 49. Re5 Rd6+ 50. Kc4 Rxd7 51.
Bxd7 Kxd7 52. Kd3 Kd8 53. Ra5 Ke8 54. Ra7 h6 55. Ra2 Ke7 56. Kc4 Ke6 57.
Rg2 Kf6 58. Kd5 Nh4 59. Re2 Kf5 60. Rxe3 Kxf4 61. Re4+ Kg5 62. Ke6 Nf3 63.
h3 Kh5 64. Kf6 g5 65. Kg7 Ng1 66. Re6 Nxh3 67. Rxh6+ Kg4 68. Ra6 Kf4 69.
Kg6 g4 70. Ra4+ Kf3 71. Kf5 g3 72. Ra3+ Kf2 73. Kg4 g2 74. Ra2+ Kf1 75.
Ra1+ Kf2 76. Kxh3 g1=R 77. Rxg1 Kxg1 1/2-1/2

[Event "ch-ISL"]
[Site "Egilsstadir ISL"]
[Date "2011.04.20"]
[Round "6"]
[White "Thorfinnsson,Br"]
[Black "Danielsen,Hen"]
[Result "1/2-1/2"]
[WhiteElo "2417"]
[BlackElo "2533"]
[EventDate "2011.04.15"]

1. d4 d5 2. c4 c6 3. Nf3 Nf6 4. Nc3 a6 5. a4 e6 6. g3 dxc4 7. Bg2 c5 8.
dxc5 Qxd1+ 9. Nxd1 Nc6 10. Ne3 c3 11. bxc3 Bxc5 12. O-O O-O 13. Nc4 Bd7 14.
Ba3 Bxa3 15. Rxa3 Rac8 16. Rb1 Rc7 17. Nfe5 Rb8 18. Bxc6 Bxc6 19. Nxc6 Rxc6
20. Na5 Rc7 21. Rab3 Ne4 22. Rxb7 Rcxb7 23. Rxb7 Rxb7 24. Nxb7 Nxc3 25. Nc5
Nxe2+ 26. Kf1 Nd4 27. Nxa6 Kf8 28. Nc5 Ke7 29. a5 h6 30. a6 Nb5 31. Ke2 Kd6
32. Nb7+ Kc7 33. Ke3 Kb6 34. Nd8 Nd6 35. Kf4 Kxa6 36. Ke5 Nc4+ 37. Kd4 Nd6
38. Ke5 Nc4+ 39. Kd4 Nd6 1/2-1/2

[Event "ch-ISL"]
[Site "Egilsstadir ISL"]
[Date "2011.04.20"]
[Round "6"]
[White "Kristjansson,St"]
[Black "Gislason,G"]
[Result "1-0"]
[WhiteElo "2483"]
[BlackElo "2291"]
[EventDate "2011.04.15"]

1. e4 c5 2. c3 d6 3. d4 Nf6 4. Bd3 g6 5. h3 Bg7 6. Nf3 O-O 7. O-O Nc6 8.
Re1 a6 9. d5 Na5 10. Nbd2 b5 11. b4 Nb7 12. Bb2 Nh5 13. Qc1 c4 14. Bf1 e5
15. a4 Bd7 16. axb5 axb5 17. Rxa8 Qxa8 18. Qc2 Nd8 19. Ra1 Qb7 20. g3 Qb6
21. g4 Nf4 22. Bc1 h5 23. Qa2 hxg4 24. hxg4 Bxg4 25. Qa7 Qxa7 26. Rxa7 f5
27. Ne1 Be2 28. Ra5 Bxf1 29. Kxf1 fxe4 30. Nxe4 Nxd5 31. Rxb5 Nc7 32. Rb6
d5 33. Ng5 Bf6 34. Nef3 Kg7 35. b5 d4 36. Ba3 Rh8 37. Ne4 Nce6 38. Rd6 Rh3
39. Rd7+ Nf7 40. b6 Rh1+ 41. Kg2 Rb1 42. b7 Ned8 43. Bb4 dxc3 44. b8=Q c2
45. Qd6 1-0

[Event "ch-ISL"]
[Site "Egilsstadir ISL"]
[Date "2011.04.20"]
[Round "6"]
[White "Thorhallsson,T"]
[Black "Kjartansson,G"]
[Result "1-0"]
[WhiteElo "2387"]
[BlackElo "2327"]
[EventDate "2011.04.15"]

1. e4 e5 2. Nf3 Nc6 3. Bc4 Nf6 4. d3 Be7 5. c3 d6 6. Nbd2 O-O 7. O-O Na5 8.
Bb5 a6 9. Ba4 b5 10. Bc2 c5 11. Re1 Nc6 12. Nf1 Re8 13. h3 h6 14. Ng3 Bf8
15. d4 Qc7 16. a4 Bd7 17. Be3 exd4 18. cxd4 Nb4 19. Bb1 bxa4 20. Ra3 a5 21.
Nh4 Rab8 22. Nhf5 Nc6 23. Qc2 Qb6 24. e5 Nb4 25. Qc1 dxe5 26. dxc5 Qc6 27.
Bxh6 gxh6 28. Nxh6+ Bxh6 29. Qxh6 e4 30. Nxe4 Rxe4 31. Rxe4 Qxe4 32. Rg3+
1-0

[Event "ch-ISL"]
[Site "Egilsstadir ISL"]
[Date "2011.04.21"]
[Round "7"]
[White "Danielsen,Hen"]
[Black "Johannesson,I"]
[Result "1-0"]
[WhiteElo "2533"]
[BlackElo "2338"]
[EventDate "2011.04.15"]

1. d4 Nf6 2. c4 c5 3. d5 e6 4. Nc3 exd5 5. cxd5 d6 6. e4 g6 7. f4 Bg7 8.
Nf3 O-O 9. Be2 Bg4 10. O-O Nbd7 11. Re1 Re8 12. h3 Bxf3 13. Bxf3 Qa5 14.
Be3 Nb6 15. Bf2 Nc4 16. Qc2 Qb4 17. Rab1 Nd7 18. e5 dxe5 19. d6 e4 20. Nd5
Qd2 21. Qxc4 exf3 22. Ne7+ Kf8 23. Rbd1 Qb4 24. Qxb4 cxb4 25. Re4 a5 26.
Rc4 Bxb2 27. Rc7 Red8 28. Rxb7 Ra6 29. Rc7 Nf6 30. Nc6 Rd7 31. Bc5 f2+ 32.
Kf1 Ra8 33. Ne5 Rxc7 34. dxc7+ Ke8 35. Bb6 1-0